| 000 | 00623nam a22002177a 4500 | ||
|---|---|---|---|
| 003 | OSt | ||
| 005 | 20160623134658.0 | ||
| 008 | 160623b xxu||||| |||| 00| 0 eng d | ||
| 020 | _a0443072302 | ||
| 040 | _cDNLM | ||
| 082 | _aWB537 H69t 2003 | ||
| 100 |
_aHoley, Elizabeth; Cook, Eileen _99562 |
||
| 245 | _aEvidence-based Therapeutic Massage: a practical guide for Therapists | ||
| 250 | _a2nd ed. | ||
| 260 | _aEdinburgh; Churchill, 2003 | ||
| 300 | _a343p; col.ill: 25cm | ||
| 504 | _aReferences, & index included | ||
| 650 |
_aTherapeutics _91626 |
||
| 650 |
_aMassage physiotherapy _99563 |
||
| 942 |
_2z _cO_SHELF |
||
| 999 |
_c4454 _d4454 |
||